Desempeño de las exportaciones de China y el Brasil hacia América Latina, 1994-2009 /

Se analiza la estructura de las exportaciones de Brasil y de China a los mercados latinoamericanos, con el propósito de evaluar las repercusiones de la transformación de China en una potencia comercial de los países de la región. Se presentan varios indicadores de comercio internacional y competitiv...

Mô tả đầy đủ

Đã lưu trong:
Chi tiết về thư mục
Tác giả chính: Caputi Lélis, Marcos Tadeu
Tác giả khác: Moreira Cunha, André, Gomes de Lima, Manuela
Định dạng: Texto
Những chủ đề:
Các nhãn: Thêm thẻ
Không có thẻ, Là người đầu tiên thẻ bản ghi này!

MARC

LEADER 00000 a a2200000 04500
001 44168
003
040
100 |a Caputi Lélis, Marcos Tadeu  
245 |a Desempeño de las exportaciones de China y el Brasil hacia América Latina, 1994-2009 /  |c Marcos Tadeu Caputi Lélis, André Moreira Cunha, Manuela Gomes de Lima  
500 |a mcaputi@uol.com.br   |a andre.cunha@ufrgs.br   |a manuela.lima@apexbrasil.com.br  
520 |a Se analiza la estructura de las exportaciones de Brasil y de China a los mercados latinoamericanos, con el propósito de evaluar las repercusiones de la transformación de China en una potencia comercial de los países de la región. Se presentan varios indicadores de comercio internacional y competitividad, por medio de las cuales se pudo constatar que las exportaciones chinas, especialmente las manufacturas, están desplazando las brasileñas en el mercado regional, visualizándose como una posible amenaza para Brasil.  
590 |a KSR/NOVIEMBRE2012  
650 |a EXPORTACIONES  
650 |a MERCADO INTERNACIONAL  
650 |a COMERCIO INTERNACIONAL  
650 |a AMERICA LATINA  
650 |a CHINA  
650 |a BRASIL  
700 |a Moreira Cunha, André  
700 |a Gomes de Lima, Manuela  
773 |g número106 (2012), páginas 57-77: tablas, gráficos  
999 |c 21673  |d 21673